00438nam a2200169 a 4500008004100000020001500041050001500056100002300071245003900094260003800133300002100171350000900192500001700201650001400218650001400232650002200246120416s1997 ||||||||||||||||| || u a0750630906 aTH 846 Mac aMacdonald, Angus J10aStructural design for architecture aOxfordbArchitectural Pressc1997 axi, 267p. : ill. a0.00 aBibliography aBUILDINGS aTEXTBOOKS aSTRUCTURAL DESIGN